| 000 | 00470nam a2200169Ia 4500 | ||
|---|---|---|---|
| 008 | 241115s9999 xx 000 0 und d | ||
| 020 | _a0-07-019429-7 | ||
| 082 | _a604.2 EID | ||
| 100 | _aEide, R Arvid; Jenison, Roland D; Mashaw, Lane H. | ||
| 245 | 0 | _aEngineering Graphics Fundamentals | |
| 250 | _a2nd ed. | ||
| 260 |
_aNew York: _bMcGrew Hill, _c1995 |
||
| 300 | _a364p, | ||
| 600 | _aElectrical Engineering | ||
| 650 | _aElectrical Engineering | ||
| 942 | _cBBD | ||
| 999 |
_c25148 _d25148 |
||